000 00450nam a22001577a 4500
005 20250122104741.0
008 250122b |||||||| |||| 00| 0 eng d
020 _a978-1-119-80955-5
050 _aQA 76.9 .A25 R37 2021
_bC.1
100 _aRASNER GREGORY C.
245 _aCYBERSECURITY AND THIRD-PARTY RISK: THIRD PARTY THREAT HUNTING
260 _aNEW JERSEY
_bJOHN WILEY
300 _aXXII,458P.
500 _aINCLUDES INDEX
942 _2lcc
_cBK
999 _c214548
_d214548